| 000 | 01082nam a22003017a 4500 | ||
|---|---|---|---|
| 003 | CHAP | ||
| 005 | 20220329140238.0 | ||
| 008 | 971013s1983 r 00010 d | ||
| 010 | _a49165 | ||
| 011 | _a50137 | ||
| 035 | _a54287 | ||
| 040 | _cCHAP | ||
| 090 | _aTesis | ||
| 100 | 0 | 0 |
_aRivera Rivera, José Cristobal. _997742 |
| 245 | _aEvaluación del programa nacional de paquetes familiares de aves en el ejido Guerrero, delegación Delta Mixicali, Baja California Norte | ||
| 260 |
_aMéxico, D. F. : _bEl autor, _c1983 |
||
| 300 |
_a39 h. _b; gráfs. ; mapas |
||
| 502 | _aTesis (Médico Veterinario Zootecnista) -- UNAM. Facultad de Medicina Veterinaria y Zootecnia | ||
| 590 |
_aALEPH _b10 _c20130110 _lUCH01 _h1321 |
||
| 590 |
_aBATCH-UPD _b10 _c20130110 _lUCH01 _h0621 |
||
| 590 |
_aBATCH-UPD _b10 _c20130410 _lUCH01 _h0304 |
||
| 590 |
_aBATCH-UPD _b10 _c20130914 _lUCH01 _h2005 |
||
| 590 |
_aCONVERSION _b10 _c20130109 _lUCH01 _h1327 |
||
| 650 | 1 | 4 |
_aAgricultura _xBaja California. _91316 |
| 901 | _aBK | ||
| 942 | _cTESIS | ||
| 949 |
_bBC _cTES _d-119864 _eTS1 _h18519 _i54287 _si |
||
| 999 |
_c49165 _d49165 |
||